000 01177nam a2200265 4500
001 6116
010 _a9727472206
021 _b90690/95
090 _a6116
100 _a20260122d1995 mdcy0pory5003 ba
200 1 _aO Homem de Neanderthal
_fdir. J. Carlos Nobre, Augusto Soveral
_gcoord. Moura Pimenta
210 _aLisboa
_cEditores Reunidos
_d1995
215 _a28 [1] p.
_cil.
_d27 cm
225 2 _aEra uma vez o homem
_v2
330 _aHá cem mil anos, da lentissima evolução do home erectus nasce uma criatura que demostra já um comportamente humano, que não sabe atear fogo, mas que não o teme e sabe servir-se dele; que fabrica os primeiros utensílios de pedra; que enterra os seus mortos... É o nosso "primo" do Neanderthal, o primeiro sapiens da história, que luta tenazmente pela vida entre os gelos das derradeiras glaciações.
606 _9804
_aPublicação para jovens
606 _93813
_aHistória Universal
675 _a087.5
_vBN
_zpor
675 _a93/94
_vBN
_zpor
700 _aNobre
_bJ. Carlos
_95708
701 _aSoveral
_bAugusto
_95709
702 _aPimenta
_bMoura
_95710
801 0 _aPT
_bBMVN
_gRPC
830 _cAna Caetano
_d22/01/2026
990 _cLIVROS